000 00496nam a2200181 4500
001 19654
005 20230410133058.0
008 060907n2004 dr spa
020 _a8401305306
035 _9funglode19805
041 _aES
050 1 4 _aBL 21 J91l 2004
100 _aJuan Pablo II
245 1 _aLevantaos! ívamos! /
_cJuan Pablo II, traducción de Pedro Antonio Urbina Tortella
260 _aBarcelona :
_bPlaza y Janes,
_c2004
300 _a191 p.
942 _2lcc
_cbk
999 _c92972
_d92972